000 00916cam a2200217 4500
001 ##L134786
008 060831n2006 000 0 eng u
035 _a(Sirsi) u134786
041 0 _aeng
050 0 4 _a333.33 $2 18
110 2 _aDrivers Jonas
_91941
245 0 0 _aInvestment trends
_bUK midsummer report 2006
260 _aLondon
_bDrivers Jonas
_c2006
490 0 _aDrivers Jonas Investment Trends
520 _aSuggests that UK property is still fair value, and that prices are sustainable at their present levels. Offices have replaced retail as the preferred sector, with central London offices providing the strongest returns. Tables and graphs.
590 _aIKA050906
651 4 _aUnited Kingdom
_y
690 _aPROPERTY-PROPERTY FINANCE AND INVESTMENT
856 4 0 _uhttps://www.driversjonas.com
_zView the item free of charge (registration necessary) at www.driversjonas.com...
942 _n0
999 _c105802
_d105802